000 00570nam a2200229Ia 4500
003 OSt
005 20220916111030.0
006 a|||||r|||| 00| 0
007 ta
008 220915b |||||||| |||| 00| 0 eng d
024 _a123874
037 _cTextbook
040 _beng
_aARTS
_cARTS
041 _aeng
082 _aV63:4:N0, D2 (906)
100 _aViljoen Ben
245 0 _aMy reminiscences of the Anglo-boer war
260 _c1902
650 _aHISTORY
942 _hV63:4:N0, D2 (906)
_cTB
_2CC
999 _c103933
_d103933